000 01197nam a22003497a 4500
003 CHAP
005 20220817044514.0
008 220212s1981 mx r 00010 spa d
010 _a102815
011 _a103787
020 _a9681609670
035 _a114476
040 _cCHAP
082 0 4 _a330.1
_bF32
100 1 _aFeiwel, George R.
_939980
245 1 0 _aMichal Kalecki :
_bcontribuciones a la teoria de la política económica
_c/por George R. Feiwel
260 _aMéxico, D.F. :
_bFCE,
_c1981
300 _a558 p.
490 _aSección de obras de economía
534 _pTít. original :
_tThe intelectual capital of Michal Kalecki : a study in economic theory and policy
590 _aBATCH-UPD
_b10
_c20130110
_lUCH01
_h1247
590 _aBATCH-UPD
_b10
_c20130410
_lUCH01
_h0811
590 _aBATCH-UPD
_b10
_c20130914
_lUCH01
_h1233
590 _aCONVERSION
_b10
_c20130109
_lUCH01
_h1357
650 1 4 _aEconomía
_xFilosofía.
_935237
650 1 4 _aEconomístas en la ciencia.
_935285
650 1 4 _aPolítica económica.
830 0 _aSección de obras de economía
901 _aBK
942 _cLIBRO
949 _a330.1 F32
_bBC
_cLIBRO
_d33724002325983
_eLIBRO
_h116274
_i114476
_sb
999 _c102815
_d102815